000 00674nam a22002057a 4500
005 20160908103008.0
010 _aENG-115950
020 _a9789350357088
_c725.00
035 _aEN-99482
037 _bDBAD/PUB
082 _a346.54066
100 _aOberoi, Ankit
245 _aCorporate and allied laws :
_cby Ankit Obrai ;edited by Esha Narang
_bCA final group 1 Paper 4 /
250 _a3rd ed.
260 _aGurgaon
_bLexisNexis
_c2016
270 _a14th Floor, Building No.10, Tower-B, DLF Cyber City, Phase-II
_bGurgaon (Haryana)
_e122002
300 _aVarious Pagings
_c27cm(pbk)
700 _a Narang,Esha
942 _2ddc
_cEN
_mOBE
_h346.54066
999 _c103050
_d103050